000 00750nam a2200241 i 4500
003 DO-SdBNP
005 20260422083827.0
007 ta
008 130415s1984 dr 000 0 spa d
040 _aDO-SdBNP
_bspa
_cBNPHU
_erda
041 _aspa
082 4 _axxx
_bxxx
_222
100 _aLarrañaga, Ignacio,
_eautor
_4aut.
_953897
245 1 0 _aDel sufrimiento a la paz :
_bhacia una liberación interior /
_cIgnacio Larrañaga.
264 1 _aSanto Domingo :
_bEdiciones Talleres de Oración y Vida,
_c1984.
300 _a245 páginas ;
_c19 cm.
336 _atexto
_btxt
_2rdacontent
337 _asin mediación
_bn
_2rdamedia
338 _avolumen
_bnc
_2rdacarrier
590 _aInventariado, 2026/BT
910 _aBtavárez
942 _2ddc
_cLBS1
999 _c60596
_d60596